Players On Every FIFA Cover - Statistics

General Stats
  • This quiz has been taken 27 times
  • The average score is 20 of 32
Answer Stats
FIFA Answer % Correct
18 Cristiano Ronaldo
96%
19 Cristiano Ronaldo
96%
13 Lionel Messi
96%
14 Lionel Messi
96%
15 Lionel Messi
96%
16 Lionel Messi
96%
21 Kylian Mbappe
93%
22 Kylian Mbappe
93%
23 Kylian Mbappe
93%
06 Wayne Rooney | Ronaldinho
85%
07 Wayne Rooney | Ronaldinho
85%
08 Wayne Rooney | Ronaldinho
85%
09 Wayne Rooney | Ronaldinho
85%
04 Alessandro Del Piero | Thierry Henry | Ronaldinho
81%
10 Theo Walcott | Wayne Rooney | Frank Lampard
81%
17 Marco Reus
74%
12 Wayne Rooney | Jack Wilshere
74%
11 Wayne Rooney | Kaka
74%
25 Jude Bellingham
67%
02 Thierry Henry
67%
24 Erling Haaland
63%
20 Virgil Van Dijk | Eden Hazard
52%
98 David Beckham
48%
03 Roberto Carlos | Ryan Giggs | Edgar Davids
44%
05 Patrick Vieira | Fernando Morientes | Andriy Shevchenko
37%
01 Paul Scholes
19%
94 David Platt | Piotr Swierczewski
11%
99 Dennis Bergkamp
7%
00 Sol Campbell
7%
96 Andy Legg | Ioan Sabau
0%
97 David Ginola
0%
95 Erik Thorstvedt
0%
No matching quizzes found
Score Distribution
Percent of People with Each Score
Percentile by Number Answered
Your Score History
You have not taken this quiz